000 00303nam a22001337a 4500
999 _c535299
_d535299
020 _a978-81-89922-45-0
040 _cMSOHAIL
082 _a622.14
_bSIN
100 _aSateyesh Singh
_929782
245 _aMine Surveying
260 _aVenus Books
_bIndia
_cc2014
300 _ax;302;p
942 _2ddc
_cBK